000 00738nam a2200241Ia 4500
003 OSt
005 20221005133819.0
006 a|||||r|||| 00| 0
007 ta
008 221004b |||||||| |||| 00| 0 pan d
020 _c125
024 _a88832
037 _b485, 09/03/2007, Manpreet Parkashan
_cTextual
040 _aCRL
_cCRL
_bpan
041 _2pan
_apan
082 _aO153,6N20:g, P4
100 _aਗੁਰਮੁਖ ਸਿੰਘ, ਥਦ।
245 0 _aਪ੍ਰੋ. ਗੁਲਵੰਤ ਸਿੰਘ
260 _c2004
300 _a128ਬ।
_ccm.
942 _hO153,6N20:g, P4
_cTEXL
_2cc
999 _c1067961
_d1067961